[Event "t-EuCh U18 Girls"]
[Site "Balatonlelle HUN"]
[Date "2000.07.10"]
[EventDate "2000.07.09"]
[Round "2"]
[Result "1-0"]
[White "Katerina Rohonyan"]
[Black "Andjelija Stojanovic"]
[WhiteElo "2194"]
[BlackElo "2128"]
[PlyCount "85"]

1. e4 c5 2. Nf3 Nc6 3. d4 cxd4 4. Nxd4 Nf6 5. Nc3 e5 6. Ndb5
d6 7. Bg5 a6 8. Na3 b5 9. Nd5 Be7 10. Bxf6 Bxf6 11. c3 O-O
12. Nc2 Bg5 13. a4 bxa4 14. Rxa4 a5 15. Bc4 Rb8 16. Qa1 Kh8
17. O-O f5 18. exf5 Bxf5 19. Nce3 Bd7 20. Qa3 Be6 21. Rd1 e4
22. b3 Ne5 23. Rxa5 Bh4 24. Rf1 Rxf2 25. Rxf2 Bxf2+ 26. Kxf2
Qh4+ 27. Kg1 Qe1+ 28. Bf1 Bxd5 29. Nc2 Qxc3 30. Rxd5 Qxc2
31. Qxd6 Rg8 32. Rxe5 Qxb3 33. Rxe4 h6 34. Qe6 Qc2 35. Re2
Qc5+ 36. Qe3 Qa5 37. h3 Rf8 38. Rf2 Ra8 39. Qe4 Rc8 40. Bd3
Rc1+ 41. Kh2 Qc7+ 42. g3 g5 43. Qe8+ 1-0

[Event "t-EuCh U18 Girls"]
[Site "Balatonlelle HUN"]
[Date "2000.07.11"]
[EventDate "2000.07.09"]
[Round "3"]
[Result "0-1"]
[White "Andjelija Stojanovic"]
[Black "Kristina Saric"]
[WhiteElo "2128"]
[BlackElo "2177"]
[PlyCount "84"]

1. d4 d5 2. Nf3 Nf6 3. g3 Bf5 4. Bg2 e6 5. O-O h6 6. b3 Bd6
7. Bb2 O-O 8. Nbd2 Nbd7 9. c4 c6 10. h3 Ne4 11. Ne5 Ndf6
12. Kh2 Nxd2 13. Qxd2 Ne4 14. Qe3 f6 15. Nd3 Qe7 16. f4 Rae8
17. Kh1 Bh7 18. Nf2 Nxf2+ 19. Rxf2 f5 20. h4 Bg6 21. a3 Bh5
22. b4 Bg4 23. b5 Kf7 24. Bf3 Bxf3+ 25. Qxf3 Rh8 26. h5 Reg8
27. Rg1 g5 28. hxg6+ Rxg6 29. Qh5 Rhg8 30. g4 Kf8 31. Rfg2 Qg7
32. bxc6 bxc6 33. cxd5 cxd5 34. Rc1 Bxf4 35. Rc2 Qf6 36. a4
Ke7 37. Ba3+ Kd7 38. Rb2 Rxg4 39. Rxg4 Rxg4 40. Rb7+ Bc7
41. Rxc7+ Kxc7 42. Qh2+ f4 0-1

[Event "TCh-YUG Women"]
[Site "Herceg Novi YUG"]
[Date "2001.05.14"]
[EventDate "2001.05.14"]
[Round "1"]
[Result "1/2-1/2"]
[White "Andjelija Stojanovic"]
[Black "Jelena Miloradovic"]
[WhiteElo "2111"]
[BlackElo "2180"]
[PlyCount "93"]

1. e4 e6 2. d4 c5 3. c3 d5 4. exd5 Qxd5 5. Nf3 Nc6 6. Be3 cxd4
7. Nxd4 Nxd4 8. Qxd4 Nf6 9. Na3 Qxd4 10. Bxd4 Bxa3 11. bxa3
Bd7 12. Be2 Bc6 13. Bf3 Bxf3 14. gxf3 Ke7 15. Rg1 Rhg8 16. Rb1
b6 17. a4 g6 18. a5 Nd7 19. f4 f6 20. Rb5 Rgc8 21. h4 a6
22. Rb2 b5 23. Re2 Kf7 24. Rg3 Rc4 25. Rge3 Re8 26. Rd3 Nb8
27. h5 Nc6 28. hxg6+ hxg6 29. Rh3 Kg7 30. Rhe3 Kf7 31. Rh3 e5
32. fxe5 fxe5 33. Bb6 Kg7 34. Rd3 Re7 35. f3 Ra4 36. Rd6 Nxa5
37. Bxa5 Rxa5 38. Rg2 Kf7 39. Rdxg6 Ra3 40. Rg7+ Ke8 41. Rg8+
Kd7 42. Ra8 Rxc3 43. Rxa6 Rxf3 44. Rb2 Re6 45. Ra7+ Kc6
46. Ra6+ Kd7 47. Ra7+ 1/2-1/2

[Event "TCh-YUG Women"]
[Site "Herceg Novi YUG"]
[Date "2001.05.15"]
[EventDate "2001.05.14"]
[Round "2"]
[Result "0-1"]
[White "Jelena Bokan"]
[Black "Andjelija Stojanovic"]
[WhiteElo "2102"]
[BlackElo "2111"]
[PlyCount "54"]

1. e4 c5 2. Nf3 Nc6 3. d4 cxd4 4. Nxd4 e5 5. Nb5 d6 6. N1c3 a6
7. Na3 b5 8. Nd5 Nge7 9. c4 Nd4 10. Nxe7 Bxe7 11. cxb5 O-O
12. Nc2 Bf6 13. Ne3 Bb7 14. Bd3 axb5 15. Nd5 Bg5 16. O-O Bxc1
17. Qxc1 Bxd5 18. exd5 Qb6 19. Qg5 Qc5 20. b3 Qxd5 21. Rfd1
Qe6 22. Qh4 g6 23. Bf1 Rfc8 24. Rd2 Nxb3 25. Rad1 Nxd2
26. Rxd2 Rxa2 27. Rxa2 Qxa2 0-1

[Event "TCh-YUG Women"]
[Site "Herceg Novi YUG"]
[Date "2001.05.15"]
[EventDate "2001.05.14"]
[Round "2"]
[Result "1/2-1/2"]
[White "Suzana Maksimovic"]
[Black "Andjelija Stojanovic"]
[WhiteElo "2331"]
[BlackElo "2111"]
[PlyCount "102"]

1. d4 d5 2. c4 e5 3. e3 exd4 4. exd4 Nf6 5. Nc3 Be7 6. Bd3 O-O
7. Nge2 c6 8. O-O dxc4 9. Bxc4 Nbd7 10. Bg5 h6 11. Bh4 Nb6
12. Bb3 Bf5 13. Re1 Bh7 14. Rc1 Rc8 15. h3 Qd7 16. Bc2 Bxc2
17. Qxc2 Nbd5 18. Rcd1 Rfe8 19. Qb3 Rcd8 20. Rd3 Nh5 21. Bxe7
Rxe7 22. Nxd5 Qxd5 23. Qxd5 Rxd5 24. Re3 Red7 25. Rc1 g5
26. Re8+ Kh7 27. Rc5 Rxc5 28. dxc5 Rd1+ 29. Kh2 Rd2 30. Re7
Rxb2 31. Rxf7+ Kg6 32. Re7 Rxa2 33. g4 Nf4 34. Nxf4+ gxf4
35. Rxb7 Rxf2+ 36. Kg1 Rc2 37. Rxa7 Rxc5 38. Kf2 Rc3 39. h4 h5
40. Ra5 hxg4 41. Rg5+ Kf6 42. Rxg4 Kf5 43. Rg8 Rh3 44. Rc8 Ke4
45. Rxc6 Rh2+ 46. Kf1 Rxh4 47. Rc3 Rh2 48. Ra3 Kf5 49. Rb3 Kg4
50. Ra3 Rc2 51. Rb3 Rh2 1/2-1/2

[Event "TCh-YUG Women"]
[Site "Herceg Novi YUG"]
[Date "2001.05.16"]
[EventDate "2001.05.14"]
[Round "3"]
[Result "1/2-1/2"]
[White "Andjelija Stojanovic"]
[Black "Danijela Ujhazi"]
[WhiteElo "2111"]
[BlackElo "2191"]
[PlyCount "66"]

1. e4 c5 2. Nf3 Nc6 3. d4 cxd4 4. Nxd4 g6 5. Nc3 Bg7 6. Be3
Nf6 7. Be2 O-O 8. O-O d5 9. exd5 Nxd5 10. Nxd5 Nxd4 11. Bxd4
Qxd5 12. Bxg7 Qxd1 13. Rfxd1 Kxg7 14. Bf3 Bf5 15. Rd2 Rac8
16. c3 Rfd8 17. Rad1 Rxd2 18. Rxd2 b6 19. h3 Rc7 20. Kf1 Kf6
21. h4 h6 22. g3 Rd7 23. Rxd7 Bxd7 24. Ke2 g5 25. hxg5+ Kxg5
26. Bd5 f5 27. f4+ Kf6 28. Ke3 e5 29. fxe5+ Kxe5 30. Bf3 Be6
31. b3 Bf7 32. Be2 Bd5 33. Bd3 Bf7 1/2-1/2

[Event "TCh-YUG Women"]
[Site "Herceg Novi YUG"]
[Date "2001.05.18"]
[EventDate "2001.05.14"]
[Round "5"]
[Result "0-1"]
[White "Andjelija Stojanovic"]
[Black "Marija Petrovic"]
[WhiteElo "2111"]
[BlackElo "2212"]
[PlyCount "100"]

1. e4 g6 2. d4 Bg7 3. Nc3 c6 4. Be2 d6 5. h4 h5 6. Nf3 b5
7. a3 Nh6 8. Ng5 Qb6 9. Be3 Ng4 10. Bxg4 hxg4 11. e5 d5 12. e6
f5 13. Qd3 b4 14. axb4 Qxb4 15. Ra4 Qb6 16. b4 a5 17. b5 Bf6
18. Kd2 Na6 19. Nxd5 cxd5 20. bxa6 Bxa6 21. Qb3 Qb5 22. Qxb5+
Bxb5 23. Ra3 Kf8 24. Rb1 Be8 25. g3 a4 26. Kd3 Kg7 27. Rb6 Ra5
28. c4 dxc4+ 29. Kxc4 Ra8 30. d5 Rc8+ 31. Kd3 Be5 32. Bd4 Bxd4
33. Kxd4 Rc2 34. f4 gxf3 35. Nxf3 Rg2 36. Ne5 f4 37. gxf4 Rxh4
38. Rf3 Rd2+ 39. Ke4 g5 40. Rb8 Bh5 41. Rf1 Rxf4+ 42. Rxf4
gxf4 43. Rb7 Kf6 44. Nd7+ Kg5 45. Nc5 f3 46. Ke5 Bg6 47. Rxe7
Re2+ 48. Kd6 f2 49. Rf7 Bxf7 50. exf7 f1=Q 0-1

[Event "TCh-YUG Women"]
[Site "Herceg Novi YUG"]
[Date "2001.05.20"]
[EventDate "2001.05.14"]
[Round "7"]
[Result "1-0"]
[White "Marija Marcetic"]
[Black "Andjelija Stojanovic"]
[WhiteElo "2205"]
[BlackElo "2111"]
[PlyCount "105"]

1. e4 c5 2. Nf3 Nc6 3. d4 cxd4 4. Nxd4 Nf6 5. Nc3 e5 6. Ndb5
d6 7. Bg5 a6 8. Na3 b5 9. Nd5 Be7 10. Bxf6 Bxf6 11. c3 O-O
12. Nc2 Bg5 13. a4 bxa4 14. Rxa4 a5 15. Bb5 Ne7 16. Ncb4 Be6
17. Nxe7+ Qxe7 18. Bc6 Rac8 19. Rxa5 Rxc6 20. Nxc6 Qb7 21. h4
Qxc6 22. hxg5 Qxe4+ 23. Kf1 Bb3 24. Qc1 f6 25. gxf6 Rxf6
26. Ra1 Bc4+ 27. Kg1 Bd5 28. Rh2 Rg6 29. Qf1 h6 30. Re1 Qf3
31. Re3 Qf6 32. c4 Bc6 33. Qd3 Rg4 34. b3 Rd4 35. Qe2 Qg6
36. f3 Qb1+ 37. Kf2 Bd7 38. g4 Be8 39. Kg2 Bg6 40. Rh1 Qc2
41. Qxc2 Bxc2 42. Rc1 Bg6 43. b4 e4 44. f4 h5 45. c5 dxc5
46. bxc5 hxg4 47. c6 Rd8 48. c7 Rc8 49. Rc5 Be8 50. Rxe4 Kf7
51. Kg3 Bd7 52. Rd4 Be6 53. f5 1-0

[Event "TCh-YUG Women"]
[Site "Herceg Novi YUG"]
[Date "2001.05.21"]
[EventDate "2001.05.14"]
[Round "8"]
[Result "0-1"]
[White "Andjelija Stojanovic"]
[Black "Ana Benderac"]
[WhiteElo "2111"]
[BlackElo "2230"]
[PlyCount "64"]

1. e4 g6 2. d4 Bg7 3. Nc3 d6 4. Be3 c6 5. Qd2 Qa5 6. f3 b5
7. Bd3 b4 8. Nd1 Ba6 9. Nf2 c5 10. Bxa6 Nxa6 11. Ne2 Nf6
12. O-O O-O 13. g4 Qb5 14. Kg2 Qb7 15. h4 cxd4 16. Bxd4 e5
17. Be3 d5 18. Ng3 dxe4 19. fxe4 Rad8 20. Qe2 Nd7 21. Qf3 Nc7
22. h5 Ne6 23. g5 f5 24. gxf6 Nxf6 25. hxg6 hxg6 26. Qe2 Nf4+
27. Bxf4 exf4 28. Qc4+ Rf7 29. Ne2 f3+ 30. Kxf3 Nxe4+
31. Qxf7+ Qxf7+ 32. Kxe4 Qf5+ 0-1

[Event "TCh-YUG Women"]
[Site "Herceg Novi YUG"]
[Date "2001.05.22"]
[EventDate "2001.05.14"]
[Round "9"]
[Result "0-1"]
[White "Sanja Vuksanovic"]
[Black "Andjelija Stojanovic"]
[WhiteElo "2266"]
[BlackElo "2111"]
[PlyCount "80"]

1. c4 e5 2. Nc3 Nf6 3. Nf3 e4 4. Ng5 b5 5. d3 exd3 6. cxb5 h6
7. Nf3 dxe2 8. Bxe2 a6 9. O-O Be7 10. Nd4 d5 11. Bf4 O-O
12. a4 Bd6 13. Bxd6 Qxd6 14. Bf3 Bb7 15. Re1 Qd7 16. Qb3 c5
17. bxc6 Nxc6 18. Rad1 Ne7 19. a5 Rab8 20. Na4 Qd6 21. Nb6
Rfe8 22. Qa4 Ng6 23. Nf5 Rxe1+ 24. Rxe1 Qc5 25. h3 Rd8 26. Qd4
Qxd4 27. Nxd4 Kf8 28. Rc1 Ne8 29. Rc5 Nf4 30. Nf5 Ne6 31. Rc1
Nd6 32. Nxd6 Rxd6 33. Rd1 Nc7 34. Kf1 Ke7 35. g3 g6 36. Bg2 g5
37. Ke2 f5 38. Kd2 Kf6 39. Kc3 d4+ 40. Rxd4 Nb5+ 0-1

[Event "TCh-YUG Women"]
[Site "Herceg Novi YUG"]
[Date "2001.05.24"]
[EventDate "2001.05.14"]
[Round "11"]
[Result "1/2-1/2"]
[White "Zorica Nikolin"]
[Black "Andjelija Stojanovic"]
[WhiteElo "2156"]
[BlackElo "2111"]
[PlyCount "54"]

1. e4 c5 2. Nf3 Nc6 3. d4 cxd4 4. Nxd4 Nf6 5. Nc3 e5 6. Ndb5
d6 7. Bg5 a6 8. Na3 b5 9. Nd5 Be7 10. Bxf6 Bxf6 11. c3 O-O
12. Nc2 Bg5 13. a4 bxa4 14. Rxa4 a5 15. Bb5 Ne7 16. Nxe7+ Qxe7
17. O-O Bb7 18. Qd3 Rfd8 19. Ne3 Bxe3 20. Qxe3 d5 21. exd5
Bxd5 22. c4 Qb7 23. f3 e4 24. cxd5 Qxb5 25. Rxe4 Qxd5 26. Re1
h6 27. Re5 Qd4 1/2-1/2

[Event "28th ch-YUG Youth Women"]
[Site "Obrenovac YUG"]
[Date "2002.01.09"]
[EventDate "2002.01.09"]
[Round "1"]
[Result "1-0"]
[White "Vesna Djuric"]
[Black "Andjelija Stojanovic"]
[WhiteElo "2094"]
[BlackElo "2101"]
[PlyCount "63"]

1. d4 d5 2. Nf3 Bf5 3. c4 Bxb1 4. Rxb1 c6 5. Qc2 Nf6 6. b4 e6
7. c5 Qc7 8. Bg5 Ne4 9. Bh4 Nd7 10. e3 h6 11. Nd2 Ndf6 12. f3
g5 13. Nxe4 Nxe4 14. fxe4 gxh4 15. e5 a6 16. Bd3 h5 17. Qf2
Qe7 18. Qf3 Bh6 19. O-O O-O-O 20. Kh1 Rdf8 21. a4 Qg5 22. b5
cxb5 23. axb5 a5 24. Ra1 Qxe3 25. Rxa5 Qxf3 26. Rxf3 Bd2
27. Ra8+ Kc7 28. b6+ Kd7 29. Ra7 Kc6 30. Bf1 Ra8 31. Rxf7 Rac8
32. Raxb7 1-0

[Event "28th ch-YUG Youth Women"]
[Site "Obrenovac YUG"]
[Date "2002.01.10"]
[EventDate "2002.01.09"]
[Round "2"]
[Result "1/2-1/2"]
[White "Andjelija Stojanovic"]
[Black "Marija Urosevic"]
[WhiteElo "2101"]
[BlackElo "2039"]
[PlyCount "90"]

1. Nf3 Nf6 2. d4 e6 3. e3 b6 4. b3 Bb4+ 5. c3 Be7 6. Bd3 Bb7
7. O-O d6 8. Qe2 Nbd7 9. Bb2 O-O 10. c4 c5 11. Nbd2 Re8
12. Rac1 Qc7 13. Bb1 Rac8 14. Rfe1 Qb8 15. Nf1 Ne4 16. Ng3
Ndf6 17. Nxe4 Nxe4 18. Nd2 Nf6 19. Nf1 cxd4 20. exd4 d5
21. Ne3 Bd6 22. h3 Bh2+ 23. Kh1 Bf4 24. Rcd1 Qa8 25. Ng4 Nxg4
26. Qxg4 Bh6 27. Bc1 Bxc1 28. Rxc1 dxc4 29. bxc4 Rc7 30. Rc3
Rec8 31. Rec1 g6 32. h4 h5 33. Qg5 Be4 34. Bxe4 Qxe4 35. Qf6
Rd7 36. Rd1 Qe2 37. Rdc1 Qe4 38. d5 exd5 39. cxd5 Rcd8 40. Rc8
Qxd5 41. Rxd8+ Rxd8 42. Rc7 Qd1+ 43. Kh2 Qd6+ 44. Qxd6 Rxd6
45. Rxa7 Rd2 1/2-1/2

[Event "28th ch-YUG Youth Women"]
[Site "Obrenovac YUG"]
[Date "2002.01.11"]
[EventDate "2002.01.09"]
[Round "3"]
[Result "1/2-1/2"]
[White "Marijana Babic"]
[Black "Andjelija Stojanovic"]
[WhiteElo "2169"]
[BlackElo "2101"]
[PlyCount "99"]

1. e4 c5 2. Nf3 d6 3. c3 Nf6 4. Be2 e6 5. O-O Nc6 6. d3 Be7
7. Re1 O-O 8. Bf1 b5 9. d4 b4 10. cxb4 cxb4 11. Nbd2 Bb7
12. Nb3 Na5 13. Bd3 Rc8 14. Nxa5 Qxa5 15. Bd2 Qb6 16. Qb3 d5
17. e5 Ne4 18. Be3 f5 19. exf6 Bxf6 20. Rac1 Kh8 21. a3 bxa3
22. Qxa3 a6 23. Rxc8 Rxc8 24. Rc1 Rxc1+ 25. Bxc1 Kg8 26. Be3
a5 27. h3 h6 28. Qa4 Bc6 29. Qc2 Qb7 30. Nd2 Nxd2 31. Qxd2 Bb5
32. Bb1 Qc7 33. b3 Kf7 34. Bf4 Qb6 35. Be3 Qc7 36. g3 Ke7
37. h4 Kd7 38. Bf4 Qb6 39. Be3 Bc4 40. Bc2 Bxb3 41. Bxb3 Qxb3
42. Qxa5 Bxd4 43. Bxd4 Qd1+ 44. Kg2 Qxd4 45. Qb5+ Ke7 46. Qc6
Kf6 47. Qc7 Qe4+ 48. Kh2 d4 49. Qd8+ Kg6 50. f3 1/2-1/2

[Event "28th ch-YUG Youth Women"]
[Site "Obrenovac YUG"]
[Date "2002.01.12"]
[EventDate "2002.01.09"]
[Round "4"]
[Result "1/2-1/2"]
[White "Andjelija Stojanovic"]
[Black "Jelena Popovic"]
[WhiteElo "2101"]
[BlackElo "2036"]
[PlyCount "64"]

1. Nf3 Nf6 2. d4 d5 3. g3 c5 4. c3 cxd4 5. cxd4 g6 6. Bg2 Bg7
7. O-O O-O 8. Ne5 Nc6 9. Nc3 Bf5 10. Nxc6 bxc6 11. Na4 Nd7
12. b3 e5 13. Ba3 Re8 14. Rc1 Rc8 15. e3 exd4 16. exd4 Qf6
17. Bb2 h5 18. h3 Qd6 19. Qd2 Be4 20. Rfe1 Bxg2 21. Kxg2 Nf6
22. Nc5 Ne4 23. Qd3 Nxc5 24. Rxe8+ Rxe8 25. Rxc5 Qe6 26. Qc2
Qe4+ 27. Qxe4 Rxe4 28. Rxc6 Re2 29. Bc3 Rxa2 30. Rc5 Ra3
31. Rxd5 Rxb3 32. Bd2 Bf6 1/2-1/2

[Event "28th ch-YUG Youth Women"]
[Site "Obrenovac YUG"]
[Date "2002.01.13"]
[EventDate "2002.01.09"]
[Round "5"]
[Result "0-1"]
[White "Radmila Zivic"]
[Black "Andjelija Stojanovic"]
[WhiteElo "2062"]
[BlackElo "2101"]
[PlyCount "82"]

1. e4 c5 2. c3 Nf6 3. e5 Nd5 4. d4 cxd4 5. Nf3 e6 6. Nxd4 d6
7. exd6 Bxd6 8. Qg4 Be5 9. Nd2 g6 10. Nc4 Bg7 11. Qg3 O-O
12. Be2 a6 13. a4 Nd7 14. O-O Nc5 15. Bf3 Nb6 16. Nxb6 Qxb6
17. b4 Bxd4 18. bxc5 Bxc5 19. Bh6 Re8 20. Qe5 Bf8 21. Be3 Qd6
22. Qa5 Bg7 23. Bc5 Qe5 24. Qb6 Qxc3 25. Rad1 Bf6 26. Rfe1 Kg7
27. Re3 Qb2 28. Rb3 Qc2 29. a5 e5 30. Rb2 Qc3 31. Bb4 Qxb2
32. Bf8+ Rxf8 33. Qxb2 e4 34. Qa3 exf3 35. Qxf3 Be6 36. Qxb7
Rfd8 37. Rb1 Bf5 38. Rc1 Rac8 39. Re1 Bc3 40. Rc1 Bxa5
41. Qb2+ Bc3 0-1

[Event "28th ch-YUG Youth Women"]
[Site "Obrenovac YUG"]
[Date "2002.01.15"]
[EventDate "2002.01.09"]
[Round "6"]
[Result "0-1"]
[White "Andjelija Stojanovic"]
[Black "Nadezda Stojanovic"]
[WhiteElo "2101"]
[BlackElo "2075"]
[PlyCount "120"]

1. e4 c5 2. Nf3 Nc6 3. Bb5 g6 4. O-O Bg7 5. c3 Nf6 6. Re1 O-O
7. d4 cxd4 8. cxd4 d5 9. e5 Ne4 10. Bxc6 bxc6 11. Nc3 Nxc3
12. bxc3 Qa5 13. Qb3 Bg4 14. Qa3 Qc7 15. Bg5 Rfe8 16. Rab1 Bf8
17. Qa6 Rab8 18. e6 Bxe6 19. Ne5 Rb6 20. Rxb6 axb6 21. Bf4 Bc8
22. Qa8 Qb7 23. Qxb7 Bxb7 24. Rb1 b5 25. a4 Ra8 26. axb5 cxb5
27. h3 Ra5 28. Nd7 Bc6 29. Nxf8 Kxf8 30. Bc7 Ra3 31. Rc1 Ra6
32. Rb1 Ke8 33. Rb3 Kd7 34. Be5 f6 35. Bf4 Ra4 36. Kh2 e5
37. Be3 Kd6 38. g3 Bd7 39. Kg2 Kc6 40. g4 h5 41. gxh5 gxh5
42. Rb4 Ra3 43. dxe5 fxe5 44. Rh4 Be8 45. Bd2 Ra2 46. Be1 Bg6
47. Rb4 Re2 48. Kf1 Bd3 49. f4 Rb2+ 50. Kg1 Rxb4 51. cxb4 exf4
52. Bc3 Kd6 53. Kf2 Be4 54. Bd4 Ke6 55. h4 Kf5 56. Bc3 Bc2
57. Kf3 Bd1+ 58. Kf2 Ke4 59. Ke1 Bg4 60. Kf2 Kd3 0-1

[Event "28th ch-YUG Youth Women"]
[Site "Obrenovac YUG"]
[Date "2002.01.17"]
[EventDate "2002.01.09"]
[Round "8"]
[Result "1/2-1/2"]
[White "Marija R Stojanovic"]
[Black "Andjelija Stojanovic"]
[WhiteElo "2012"]
[BlackElo "2101"]
[PlyCount "86"]

1. e4 c5 2. Nf3 Nc6 3. d4 cxd4 4. Nxd4 e5 5. Nb5 d6 6. N1c3 a6
7. Na3 b5 8. Nd5 Nge7 9. Bg5 h6 10. Bxe7 Bxe7 11. c3 O-O
12. Nc2 Rb8 13. a4 bxa4 14. Rxa4 a5 15. b4 axb4 16. cxb4 Bg5
17. b5 Ne7 18. h4 Nxd5 19. exd5 Be7 20. Nb4 Bd7 21. Nc6 Bxc6
22. bxc6 Rb2 23. Be2 Qb6 24. O-O f5 25. Ra6 Qc5 26. Ra4 e4
27. Rc4 Qb6 28. c7 Rc8 29. Qa4 Rxc7 30. Qe8+ Bf8 31. Qe6+ Kh8
32. Qxf5 Rxe2 33. Rxe4 Rxe4 34. Qxf8+ Kh7 35. Qf5+ g6 36. Qxe4
Kg7 37. h5 gxh5 38. Qf5 Rf7 39. Qxh5 Qd4 40. g3 Qe4 41. f3
Qe3+ 42. Rf2 Rc7 43. Kg2 Rc1 1/2-1/2

[Event "28th ch-YUG Youth Women"]
[Site "Obrenovac YUG"]
[Date "2002.01.19"]
[EventDate "2002.01.09"]
[Round "10"]
[Result "1-0"]
[White "Milena Vasic"]
[Black "Andjelija Stojanovic"]
[WhiteElo "2167"]
[BlackElo "2101"]
[PlyCount "63"]

1. d4 d5 2. c4 e5 3. dxe5 d4 4. Nf3 Nc6 5. Nbd2 Be6 6. a3 Qd7
7. g3 Nge7 8. Bg2 Ng6 9. b4 O-O-O 10. Ng5 Ncxe5 11. Nxe6 Qxe6
12. Qb3 Ng4 13. c5 Qf5 14. O-O N6e5 15. Bb2 Kb8 16. Rad1 Nf6
17. Nf3 Nxf3+ 18. Bxf3 Be7 19. Qxf7 Qe5 20. Qc4 c6 21. Rxd4
Rxd4 22. Bxd4 Qc7 23. a4 Rd8 24. e3 g5 25. b5 g4 26. Bg2 Nd5
27. Rb1 Ka8 28. b6 Qd7 29. bxa7 Kxa7 30. Qb3 Qc7 31. Be5 Qc8
32. Bxd5 1-0

[Event "28th ch-YUG Youth Women"]
[Site "Obrenovac YUG"]
[Date "2002.01.20"]
[EventDate "2002.01.09"]
[Round "11"]
[Result "1/2-1/2"]
[White "Andjelija Stojanovic"]
[Black "Nada Tuvic"]
[WhiteElo "2101"]
[BlackElo "2042"]
[PlyCount "60"]

1. Nf3 Nf6 2. g3 b5 3. Bg2 Bb7 4. O-O e6 5. d4 c5 6. e3 Be7
7. a4 b4 8. c3 Nc6 9. Nbd2 Rc8 10. c4 Na5 11. b3 O-O 12. Bb2
d6 13. Qe2 Ne4 14. Qd3 d5 15. Rac1 Nf6 16. Ne5 Ba6 17. Rfd1
Qb6 18. e4 Rfd8 19. exd5 exd5 20. Qe3 Qe6 21. Re1 Bd6 22. Qf3
Bxe5 23. Rxe5 Qd7 24. cxd5 cxd4 25. Rxc8 Rxc8 26. Bxd4 Rc1+
27. Nf1 h6 28. Rf5 Nxb3 29. Be3 Ra1 30. Rxf6 gxf6 1/2-1/2

[Event "SCG-chT (Women)"]
[Site "Budva"]
[Date "2003.??.??"]
[EventDate "?"]
[Round "3.31"]
[Result "0-1"]
[White "Andjelija Stojanovic"]
[Black "Alisa Maric"]
[WhiteElo "2170"]
[BlackElo "2433"]
[PlyCount "64"]

1. e4 e6 2. d4 d5 3. e5 c5 4. Qg4 Qa5+ 5. Bd2 Qb6 6. b3 cxd4
7. Nf3 Nc6 8. Bd3 Nb4 9. O-O Nxd3 10. cxd3 Ne7 11. Qxd4 Qxd4
12. Nxd4 Bd7 13. Bb4 Ng6 14. Bxf8 Rxf8 15. f4 f6 16. Nc3 fxe5
17. fxe5 Rxf1+ 18. Rxf1 Ke7 19. Re1 Rc8 20. Nd1 Rc1 21. Kf1
Nxe5 22. Rxe5 Rxd1+ 23. Ke2 Ra1 24. a4 Kf6 25. Re3 e5 26. Rf3+
Ke7 27. Nf5+ Kd8 28. Ke3 Ra2 29. Rf1 Rxg2 30. Nd6 Ke7 31. Nf7
d4+ 32. Ke4 Re2+ 0-1

[Event "BELFORT YWCC GU18"]
[Site "Belfort (FRA)"]
[Date "2005.??.??"]
[EventDate "?"]
[Round "5.4"]
[Result "1-0"]
[White "Andjelija Stojanovic"]
[Black "Salome Melia"]
[WhiteElo "2162"]
[BlackElo "2305"]
[PlyCount "117"]

1. e4 c6 2. d4 d5 3. exd5 cxd5 4. Bd3 Nc6 5. c3 Nf6 6. h3 e5
7. dxe5 Nxe5 8. Bb5+ Bd7 9. Bxd7+ Qxd7 10. Nf3 Nxf3+ 11. Qxf3
Qb5 12. a4 Qa6 13. Be3 Be7 14. Qe2 Qxe2+ 15. Kxe2 O-O 16. Rd1
Rfd8 17. Nd2 a6 18. Nf3 Ne4 19. Rd3 Rd6 20. Rad1 Rad8 21. a5
Bf6 22. g4 g6 23. g5 Bg7 24. Nd2 f5 25. gxf6 Nxd2 26. R1xd2
Bxf6 27. Bc5 Re6+ 28. Kf1 Re5 29. Bd4 Rf5 30. Bxf6 Rxf6
31. Rxd5 Rxd5 32. Rxd5 b6 33. Ke2 bxa5 34. Rxa5 Kf7 35. Re5
Rb6 36. b4 Rc6 37. Kd3 Rf6 38. Ke3 Rc6 39. Kd4 Rf6 40. Re2 Rf3
41. c4 Rxh3 42. c5 Rb3 43. Kc4 Rb1 44. c6 Rc1+ 45. Kd5 h5
46. Ra2 h4 47. Kd6 h3 48. f3 Rd1+ 49. Kc5 Ke7 50. Kb6 Rd4
51. Rb2 Kd8 52. Kb7 Rc4 53. Rd2+ Ke7 54. b5 axb5 55. c7 Kf6
56. c8=Q Rxc8 57. Kxc8 Kf5 58. Rh2 Kf4 59. Rxh3 1-0

[Event "BELFORT YWCC GU18"]
[Site "Belfort (FRA)"]
[Date "2005.07.21"]
[EventDate "?"]
[Round "3.3"]
[Result "0-1"]
[White "Andjelija Stojanovic"]
[Black "Baira Kovanova"]
[WhiteElo "2162"]
[BlackElo "2321"]
[PlyCount "86"]

1. e4 e5 2. Nf3 Nc6 3. Bb5 g6 4. d4 exd4 5. Bg5 Be7 6. Bxe7
Qxe7 7. O-O Qb4 8. Bxc6 dxc6 9. Qxd4 Qxd4 10. Nxd4 Bd7 11. Nc3
O-O-O 12. Rad1 c5 13. Nf3 Ne7 14. Ng5 Be6 15. Nxe6 fxe6 16. e5
Rd4 17. Rxd4 cxd4 18. Ne4 h6 19. Nc5 Nc6 20. Rd1 Re8 21. f4 b6
22. Nb3 Rd8 23. g3 Nb4 24. Rxd4 Nxc2 25. Rxd8+ Kxd8 26. Kf2
Kd7 27. Ke2 c5 28. a3 c4 29. Nd2 b5 30. Nf3 a5 31. Kd2 Na1
32. Nd4 Nb3+ 33. Nxb3 cxb3 34. Kc3 a4 35. Kb4 Kc6 36. h3 h5
37. g4 hxg4 38. hxg4 Kb6 39. Kc3 Kc5 40. Kd3 b4 41. axb4+ Kxb4
42. f5 a3 43. fxg6 axb2 0-1

[Event "7th European Individual Championship: Women"]
[Site "Kusadasi TUR"]
[Date "2006.04.04"]
[EventDate "2006.04.04"]
[Round "1"]
[Result "1/2-1/2"]
[White "Andjelija Stojanovic"]
[Black "Tatjana Vasilevich"]
[WhiteElo "2193"]
[BlackElo "2385"]
[PlyCount "58"]

1. d4 Nf6 2. Nf3 e6 3. c4 Bb4+ 4. Bd2 Qe7 5. g3 b6 6. Bg2 Bb7
7. O-O Bxd2 8. Nbxd2 c5 9. e3 O-O 10. Re1 cxd4 11. exd4 d5
12. a3 dxc4 13. Nxc4 Na6 14. Nce5 Nc7 15. Rc1 Ncd5 16. Qa4 h6
17. Nd2 Rfc8 18. Nd3 a6 19. Qb3 Rxc1 20. Rxc1 Rc8 21. Rxc8+
Bxc8 22. Ne4 Bb7 23. Nxf6+ Qxf6 24. Ne5 Qf5 25. Qd3 Qxd3
26. Nxd3 Bc6 27. Ne5 Bb5 28. Bxd5 exd5 29. Ng4 Bd7 1/2-1/2

[Event "7th European Individual Championship: Women"]
[Site "Kusadasi TUR"]
[Date "2006.04.05"]
[EventDate "2006.04.04"]
[Round "2"]
[Result "1-0"]
[White "Yelena Dembo"]
[Black "Andjelija Stojanovic"]
[WhiteElo "2461"]
[BlackElo "2193"]
[PlyCount "39"]

1. e4 c5 2. Nf3 d6 3. d4 cxd4 4. Nxd4 Nf6 5. Nc3 Nc6 6. Bg5
Bd7 7. Be2 Qa5 8. Bxf6 gxf6 9. O-O Nxd4 10. Qxd4 Rc8 11. a4 a6
12. Qa7 Qb4 13. Nd5 Qxe4 14. Bf3 Qxc2 15. Rfe1 Be6 16. Nb6 Rc7
17. Qa8+ Bc8 18. Nd5 Rc5 19. b4 Rc6 20. Ne3 1-0

[Event "7th European Individual Championship: Women"]
[Site "Kusadasi TUR"]
[Date "2006.04.06"]
[EventDate "2006.04.04"]
[Round "3"]
[Result "1/2-1/2"]
[White "Andjelija Stojanovic"]
[Black "Ilaha Kadimova"]
[WhiteElo "2193"]
[BlackElo "2310"]
[PlyCount "65"]

1. e4 c6 2. d4 d5 3. Nd2 dxe4 4. Nxe4 Nd7 5. Ng5 Ngf6 6. Bd3
e6 7. N1f3 Bd6 8. Qe2 h6 9. Ne4 Nxe4 10. Qxe4 Nf6 11. Qe2 Qc7
12. O-O b6 13. a4 a5 14. h3 O-O 15. Ne5 c5 16. Ng4 Nxg4
17. Qxg4 f5 18. Qh4 cxd4 19. Qxd4 Bb7 20. Qc4 Qf7 21. Rd1 Bd5
22. Qb5 Qb7 23. Bc4 Bxc4 24. Qxc4 Qe7 25. Re1 Rf6 26. Bf4 Bxf4
27. Qxf4 Rd8 28. Qc4 Kh7 29. Re5 Rd6 30. Rae1 Rg6 31. g3 Qd7
32. R5e3 Rf6 33. Qb5 1/2-1/2

[Event "7th European Individual Championship: Women"]
[Site "Kusadasi TUR"]
[Date "2006.04.07"]
[EventDate "2006.04.04"]
[Round "4"]
[Result "1/2-1/2"]
[White "Andjelija Stojanovic"]
[Black "Marie Sebag"]
[WhiteElo "2193"]
[BlackElo "2415"]
[PlyCount "98"]

1. d4 d5 2. Nf3 Nf6 3. g3 c6 4. Bg2 Bf5 5. O-O Nbd7 6. b3 e6
7. Bb2 Be7 8. c4 O-O 9. Nc3 Ne4 10. Nd2 Nxc3 11. Bxc3 Nf6
12. Qc1 Rb8 13. a3 a5 14. b4 a4 15. c5 b6 16. cxb6 Qxb6
17. Nf3 Ne4 18. Ne5 Rfd8 19. g4 Bg6 20. Nxg6 hxg6 21. Bxe4
dxe4 22. Qf4 Bf6 23. e3 Qb5 24. Qxe4 Qc4 25. Rfc1 Rd5 26. Be1
Qb5 27. f4 g5 28. fxg5 Bxg5 29. Bg3 Rbd8 30. h4 Bf6 31. Rf1
Qe2 32. Rae1 Qd2 33. g5 Be7 34. g6 Bf6 35. gxf7+ Kxf7 36. Be5
Ke7 37. Qg6 Rf8 38. Qg3 Qb2 39. Bxf6+ gxf6 40. Rf2 Qxa3
41. Qc7+ Rd7 42. Qxc6 Qxb4 43. Ra1 a3 44. Rg2 Rf7 45. h5 Rxd4
46. exd4 Qxd4+ 47. Kh2 Qh4+ 48. Kg1 Qd4+ 49. Kh2 Qh4+ 1/2-1/2